F1 drivers' champions not by winning constructor - Statistics

General Stats
  • This quiz has been taken 38 times
    17 since last reset
  • The average score is 11 of 12
Answer Stats
Year Constructor's champion Driver's champion's team Driver's champion % Correct
1986 Williams McLaren Alain Prost
100%
2008 Ferrari McLaren Lewis Hamilton
100%
2021 Mercedes Red Bull Max Verstappen
100%
2024 McLaren Red Bull Max Verstappen
100%
1994 Williams Benetton Michael Schumacher
100%
1999 Ferrari McLaren Mika Häkkinen
94%
1973 Lotus Tyrrell Jackie Stewart
88%
1976 Ferrari McLaren James Hunt
82%
1958 Vanwall Ferrari Mike Hawthorn
82%
1981 Williams Brabham Nelson Piquet
82%
1983 Ferrari Brabham Nelson Piquet
82%
1982 Ferrari Williams Keke Rosberg
76%
No matching quizzes found
Score Distribution
Percent of People with Each Score
Percentile by Number Answered
Your Score History
You have not taken this quiz since the last reset